Regulation of foreign direct investment in Canada and the United States /

Bibliographic Details
Other Authors: Fry, Earl H., Radebaugh, Lee H.
Format: Book
Language:English
Published: Provo, Utah : Brigham Young University, David M. Kennedy International Center, [1983]
Subjects:

MARC

Tag First Indicator Second Indicator Subfields
LEADER 00000cam a2200000 a 4500
001 in00001010213
005 20150927220111.0
008 830603s1983 utua b 10100 eng
010 |a  83007693  
020 |a 0912575018 (pbk.) 
035 |a (OCoLC)09643174 
035 |9 AFD6818AM 
040 |a DLC  |c DLC  |d m/c  |d TXA  |d UtOrBLW 
043 |a n-us---  |a n-cn--- 
049 |a TXAM 
050 0 0 |a KDZ744  |b .A6 1983 
082 0 |a 346.71/07  |a 347.1067  |2 19 
245 0 0 |a Regulation of foreign direct investment in Canada and the United States /  |c edited by Earl H. Fry, Lee H. Radebaugh. 
264 1 |a Provo, Utah :  |b Brigham Young University, David M. Kennedy International Center,  |c [1983] 
264 4 |c ©1983 
300 |a xii, 198 pages :  |b illustrations ;  |c 23 cm. 
336 |a text  |b txt  |2 rdacontent 
337 |a unmediated  |b n  |2 rdamedia 
338 |a volume  |b nc  |2 rdacarrier 
500 |a On spine: Foreign direct investment. 
504 |a Includes bibliographical references and index. 
650 0 |a Investments, Foreign  |x Law and legislation  |z United States  |x Congresses. 
650 0 |a Investments, Foreign  |x Law and legislation  |z Canada  |x Congresses. 
700 1 |a Fry, Earl H. 
700 1 |a Radebaugh, Lee H. 
740 0 |a Foreign direct investment. 
999 |a MARS 
999 f f |s d6a02170-d1fa-34bc-9b0e-90c5ddefe439  |i 4f93ec53-9c71-3223-9464-c14347275021  |t 0 
952 f f |p ric  |a Texas A&M University  |b Rellis Campus  |c Joint Library Facility  |d Remote Storage  |t 0  |e KDZ744 .A6 1983  |h Library of Congress classification  |i unmediated -- volume  |m A14814384390 
998 f f |a KDZ744 .A6 1983  |t 0  |l Remote Storage